000 00305cam a22001217a 4500
008 180718b1944 xxu||||| |||| 00| 0 eng d
082 _aAA7 C69
100 _aCollier, Laurence
245 _aFlight from conflict
_cby Laurence Collier
260 _aLondon
_bWatts
_c1944
300 _a84p.
650 _aEthics
999 _c362799
_d362799